|
|
|
|
| LEADER |
00000nab a2200000 a 4500 |
| 001 |
vtls000401365 |
| 003 |
SK-MaSNL |
| 005 |
20260304170713.0 |
| 008 |
160202c1990 xo 0 slo |
| 015 |
|
|
|a SNBRB19rr/mm-uuuuu
|
| 035 |
|
|
|a CL0401489
|
| 040 |
|
|
|a SNKBUCL
|b slo
|c SNKBUCL
|e AACR2
|
| 041 |
0 |
|
|a slo
|
| 044 |
|
|
|a xo
|c SK
|
| 080 |
|
|
|a 791.43.091.4:778.534.6
|2 1981
|
| 080 |
|
|
|a 778.534.6
|2 1981
|
| 100 |
1 |
|
|a Pauer, Marián
|4 aut
|9 290055
|
| 245 |
1 |
0 |
|a Do tretice (a naposledy?)
|b Na margo festivalu Animafilm 90
|c Marián Pauer
|
| 650 |
0 |
7 |
|a animovaný film
|2 snkbucl
|9 71799
|
| 650 |
0 |
7 |
|a Animafilm 1990, České Budějovice (festival filmový)
|2 snkbucl
|9 1498378
|
| 651 |
|
7 |
|a 3301
|2 snkbucl
|9 922222
|
| 655 |
|
7 |
|a články z novín a časopisov
|2 snkbucl
|9 267496
|
| 773 |
0 |
|
|t Nové slovo
|g Roč. 32, č. 44 (1990), s. 13
|
| 850 |
|
|
|a Slovenská národná knižnica v Martine
|a MTA001
|
| 852 |
|
|
|a SNK
|b KIS3GCP
|
| 958 |
|
|
|a RK
|
| 958 |
|
|
|a CZ
|
| 992 |
|
|
|a RBX
|
| 999 |
|
|
|c 2989913
|d 2991843
|